书目信息 |
| 题名: |
计算机辅助制造
|
|
| 作者: | 王先逵 主编 | |
| 分册: | ||
| 出版信息: | 北京 清华大学出版社 1999.01 |
|
| 页数: | 210页 | |
| 开本: | 26cm | |
| 丛书名: | ||
| 单 册: | ||
| 中图分类: | TH164 , TP391.47 | |
| 科图分类: | ||
| 主题词: | 计算机应用 | |
| 电子资源: | ||
| ISBN: | 7-302-03198-3 | |
| 000 | 00614nam0 2200217 45 | |
| 001 | 8032963390 | |
| 005 | 20251111163506.73 | |
| 010 | @a7-302-03198-3@dRMB 14.00 | |
| 100 | @a19800124d1999 km y0chiy0120 ea | |
| 101 | 0 | @achi |
| 102 | @aCN@b110000 | |
| 200 | 1 | @a计算机辅助制造@Aji suan ji fu zhu zhi zao@f王先逵主编@FWang Xian Kui Zhu Bian |
| 210 | @a北京@c清华大学出版社@d1999.01 | |
| 215 | @a210页@d26cm | |
| 300 | @a现代制造技术系列教材 | |
| 606 | 0 | @a计算机应用 |
| 690 | @aTH164@v3 | |
| 690 | @aTP391.47@v4 | |
| 701 | 0 | @a王先逵@AWang Xian Kui@4主编 |
| 801 | 0 | @aCN@bPFT@c20251111 |
| 905 | @dTP391.47@eW383 | |
| 计算机辅助制造/王先逵主编.-北京:清华大学出版社,1999.01 |
| 210页;26cm |
| 现代制造技术系列教材 |
| ISBN 7-302-03198-3:RMB 14.00 |
| ● |
| 相关链接 |
|
|
|
正题名:计算机辅助制造
索取号:TP391.47/W383
 
预约/预借
| 序号 | 登录号 | 条形码 | 馆藏地/架位号 | 状态 | 备注 |
| 1 | 360382 | 203603822 | 自科库501/501自科库 38排3列5层/ [索取号:TP391.47/W383] | 在馆 | |
| 2 | 360383 | 203603831 | 自科库501/501自科库 38排3列5层/ [索取号:TP391.47/W383] | 在馆 | |
| 3 | 61342 | 200613425 | 自科库501/301自科库 108排2列2层/ [索取号:TP391.47/W383] | 在馆 | |
| 4 | 61343 | 200613434 | 期刊室512/501自科库 38排4列2层/ [索取号:TP391.47/W383] | 在馆 | |
| 5 | 61344 | 200613443 | 自科库501/301自科库 108排2列2层/ [索取号:TP391.47/W383] | 在馆 | |
| 6 | 61345 | 200613452 | 期刊室512/501自科库 38排4列2层/ [索取号:TP391.47/W383] | 在馆 | |
| 7 | 61346 | 200613461 | 期刊室512/501自科库 38排4列2层/ [索取号:TP391.47/W383] | 在馆 |